000 00711nam a2200253Ia 4500
003 OSt
005 20220918202645.0
006 a|||||r|||| 00| 0
007 ta
008 220917b |||||||| |||| 00| 0 eng d
024 _a102,857
037 _cTextual
040 _aARTS
_cARTS
_beng
041 _2eng
_aeng
082 _aV253:3(Y:6).N7, L5
100 _aAhuja Ram
_9104793
245 0 _aPolitical elites and moderisation
_b The Bihar politics
260 _aMeerut
_bMeenakshi Prakashan India
_c1975
300 _avii, 144p.
_ccm.
500 _aBibliography p137--139
650 _aHISTORY
942 _hV253:3(Y:6).N7, L5
_cTEXL
_2CC
999 _c226306
_d226306